E77(九州中央道)のIC - Statistics

General Stats
  • This quiz has been taken 23 times
    18 since last reset
  • The average score is 7 of 10
Answer Stats
九州中央道 % Correct
JCT 嘉島
100%
IC 山都中島東
79%
IC 山都通潤橋
79%
JCT/IC 延岡
71%
IC 上野吉無田
64%
IC 山都中島西
64%
IC 小池高山
57%
IC 北方
57%
IC 舞野
57%
IC 日之影深角
50%
No matching quizzes found
Score Distribution
Percent of People with Each Score
Percentile by Number Answered
Your Score History
You have not taken this quiz since the last reset